Stranger Things Characters - Statistics

General Stats
  • This quiz has been taken 324 times
    27 since last reset
  • The average score is 18 of 23
Answer Stats
Season(s) Actor / Actress Character % Correct
1 to 5 Millie Bobby Brown Eleven / Elf / Jane Hopper
95%
1 to 5 Finn Wolfhard Mike Wheeler
91%
1 to 5 Gaten Matarazzo Dustin Henderson
86%
1 to 5 Natalia Dyer Nancy Wheeler
86%
2 and 3 Dacre Montgomery Billy Hargrove
82%
1 to 5 David Harbour Jim Hopper
82%
1 to 5 Charlie Heaton Jonathan Byers
82%
1 to 5 Winona Ryder Joyce Byers
82%
1 to 5 Caleb McLaughlin Lucas Sinclair
82%
1 to 5 Joe Keery Steve Harrington
82%
1 to 5 Noah Schnapp Will Byers
82%
1 to 5 Cara Buono Karen Wheeler
77%
2 to 5 Sadie Sink Max Mayfield
77%
4 and 5 Jamie Campbell Bower One / Vecna / Henry Creel
77%
2 to 5 Priah Ferguson Erica Sinclair
73%
3 to 5 Maya Hawke Robin Buckley
73%
1 and 4 Matthew Modine Dr Martin Brenner
68%
5 Nell Fisher Holly Wheeler
68%
1 to 5 Joe Chrest Ted Wheeler
68%
2 to 5 Brett Gelman Murray Bauman
64%
2 Sean Astin Bob Newby
59%
2 and 4 Paul Reiser Dr Sam Owens
59%
5 Linda Hamilton Dr Kay
55%
No matching quizzes found
Score Distribution
Percent of People with Each Score
Percentile by Number Answered
Your Score History
You have not taken this quiz since the last reset